Algorithms / (Record no. 161)

MARC details
000 -LEADER
fixed length control field 00812cam a2200277 i 4500
001 - CONTROL NUMBER
control field 19091900
003 - CONTROL NUMBER IDENTIFIER
control field OSt
005 - DATE AND TIME OF LATEST TRANSACTION
control field 20250420134758.0
008 - FIXED-LENGTH DATA ELEMENTS--GENERAL INFORMATION
fixed length control field 160512s2016 maua 001 0 eng
010 ## - LIBRARY OF CONGRESS CONTROL NUMBER
LC control number 2016304788
020 ## - INTERNATIONAL STANDARD BOOK NUMBER
International Standard Book Number 9780134384689
040 ## - CATALOGING SOURCE
Original cataloging agency DLC
Language of cataloging eng
Transcribing agency KCST
Description conventions rda
Modifying agency DLC
042 ## - AUTHENTICATION CODE
Authentication code pcc
050 00 - LIBRARY OF CONGRESS CALL NUMBER
Classification number QA76.9.A43
Item number S429 2016
082 00 - DEWEY DECIMAL CLASSIFICATION NUMBER
Classification number 005.1
Edition information 23
Item number Se Al
100 1# - MAIN ENTRY--PERSONAL NAME
Personal name Sedgewick, Robert,
Dates associated with a name 1946-,
Relator term author.
9 (RLIN) 631
245 10 - TITLE STATEMENT
Title Algorithms /
Statement of responsibility, etc. Robert Sedgewick and Kevin Wayne.
250 ## - EDITION STATEMENT
Edition statement Fourth edition deluxe.
260 ## - PUBLICATION, DISTRIBUTION, ETC.
Place of publication, distribution, etc. Boston :
Name of publisher, distributor, etc. Addison-Wesley,
Date of publication, distribution, etc. [2016]
300 ## - PHYSICAL DESCRIPTION
Extent xiii, 955 pages :
Other physical details illustrations ;
Dimensions 24 cm
500 ## - GENERAL NOTE
General note Includes index.
650 #0 - SUBJECT ADDED ENTRY--TOPICAL TERM
Topical term or geographic name entry element Computer algorithms
Form subdivision Textbooks.
9 (RLIN) 632
700 1# - ADDED ENTRY--PERSONAL NAME
Personal name Wayne, Kevin Daniel,
Dates associated with a name 1971-,
Relator term author.
9 (RLIN) 633
942 ## - ADDED ENTRY ELEMENTS (KOHA)
Koha item type Book
942 ## - ADDED ENTRY ELEMENTS (KOHA)
Source of classification or shelving scheme Dewey Decimal Classification
Holdings
Withdrawn status Lost status Source of classification or shelving scheme Damaged status Not for loan Home library Current library Date acquired Cost, normal purchase price Total checkouts Full call number Barcode Date last seen Price effective from Koha item type
    Dewey Decimal Classification     KCST Library KCST Library 28/11/2019 37.15   005.1 Se Al 1000000267 28/11/2019 28/11/2019 Book
    Dewey Decimal Classification     KCST Library KCST Library 28/11/2019 27.20   005.1 Se Al 1000000268 28/11/2019 28/11/2019 Book
© 2025 KCST. All rights reserved